Advertising, Management and Society: A Business Point of View (Record no. 1048)

MARC details
005 - DATE AND TIME OF LATEST TRANSACTION
control field 20250403083702.0
020 ## - INTERNATIONAL STANDARD BOOK NUMBER
International Standard Book Number 0-07-046528-2
082 ## - DEWEY DECIMAL CLASSIFICATION NUMBER
Classification number 659.109 NIC
100 ## - MAIN ENTRY--PERSONAL NAME
Author name NICOSIA, F. M.
245 ## - TITLE STATEMENT
Title Advertising, Management and Society: A Business Point of View
260 ## - PUBLICATION, DISTRIBUTION, ETC.
Place of publication, distribution, etc. New York,
Name of publisher, distributor, etc. McGraw-Hill,
Date of publication, distribution, etc. 1974.
300 ## - PHYSICAL DESCRIPTION
Extent XX, 386P., ill., table, figure,
Other physical details Index, bibliography,
Dimensions 23cm.
942 ## - ADDED ENTRY ELEMENTS (KOHA)
Source of classification or shelving scheme Dewey Decimal Classification
Koha item type Books
Holdings
Date last seen Total checkouts Full call number Barcode Cost, replacement price Price effective from Koha item type Lost status Source of classification or shelving scheme Damaged status Not for loan Withdrawn status Home library Current library Shelving location Date acquired Cost, normal purchase price
04/03/2025   659.109 NIC 0000004015 60000.00 04/03/2025 Books   Dewey Decimal Classification       College of Business Education Main Library College of Business Education Main Library General Collection 04/03/2025 20000.00